| 000 | 00591nam a2200193Ia 4500 | ||
|---|---|---|---|
| 003 | GCL | ||
| 008 | 140319s9999 xx 000 0 ara d | ||
| 040 |
_aGCL / _cGCL |
||
| 082 | 0 | 4 |
_a415.1 _bح ت |
| 100 | 1 | _aحسن موسى الشاعر | |
| 245 | 1 | 0 |
_aتطور الاراء النحوية عند ابن هشام الانصارى / _cحسن موسى الشاعر |
| 300 | _a119 ص | ||
| 490 |
_aكتاب _v0 |
||
| 650 | 0 | 4 | _aاللغة العربية |
| 650 | 0 | 4 | _aالنحو العربى |
| 650 | 0 | 4 | _aاللغة العربية - النحو |
| 650 | 0 | 4 | _aقواعد |
| 942 |
_2ddc _cBK |
||
| 999 |
_c41599 _d41599 |
||